عرض عادي
عرض مارك
- Zhang, Haizheng,
مدخل إسم شخص
001 - رقم الضبط
- حقل الضبط: 3505
003 - معرف رقم الضبط
- حقل الضبط: OSt
005 - تاريخ ووقت أخر عملية
- حقل الضبط: 20110828134206.0
008 - عناصر بيانات ثابتة الطول
- حقل تحكم ثابت الطول: 110828|||a|||||| | ||| d
040 ## - مصدر الفهرسة
- هيئة الفهرسة الأصلية: OSt
- وكالة الكتابة: OSt
100 ## - مدخل -- أسم شخص
- إسم شخص: Zhang, Haizheng,
- تواريخ مرتبطة بالاسم: 1982-
670 ## - بيانات المصدر موجوده
- الاستشهاد بالمصدر: Work cat.: (OSt)0: WebKDD 2007 (2007 : San Jose, Calif.) 3500, Advances in web mining and web usage analysis, c2009.
